How to win customers and keep them for life (Record no. 676)

000 -LEADER
fixed length control field nam a22 a 4500
005 - DATE AND TIME OF LATEST TRANSACTION
control field 20170504150820.0
008 - FIXED-LENGTH DATA ELEMENTS--GENERAL INFORMATION
fixed length control field 170504b1987 ny ||||| |||| 00| 0 eng d
020 ## - INTERNATIONAL STANDARD BOOK NUMBER
International Standard Book Number 0425114686
040 ## - CATALOGING SOURCE
Original cataloging agency AKMAL
082 ## - DEWEY DECIMAL CLASSIFICATION NUMBER
Classification number 158.2 BOE
090 ## - LOCALLY ASSIGNED LC-TYPE CALL NUMBER (OCLC); LOCAL CALL NUMBER (RLIN)
Classification number (OCLC) (R) ; Classification number, CALL (RLIN) (NR) 158.2
Local cutter number (OCLC) ; Book number/undivided call number, CALL (RLIN) BOE
100 1# - MAIN ENTRY--PERSONAL NAME
Personal name LeBoeuf, Michael
9 (RLIN) 1299
245 10 - TITLE STATEMENT
Title How to win customers and keep them for life
260 ## - PUBLICATION, DISTRIBUTION, ETC.
Place of publication, distribution, etc. Piatkus,
Name of publisher, distributor, etc. 1990
300 ## - PHYSICAL DESCRIPTION
Extent [192]p
Dimensions cm
650 #0 - SUBJECT ADDED ENTRY--TOPICAL TERM
Topical term or geographic name entry element Selling
9 (RLIN) 1450
942 ## - ADDED ENTRY ELEMENTS (KOHA)
Source of classification or shelving scheme
Koha item type Book
Holdings
Withdrawn status Lost status Source of classification or shelving scheme Damaged status Not for loan Collection code Home library Current library Shelving location Date acquired Inventory number Total Checkouts Full call number Barcode Date last seen Date last checked out Price effective from Koha item type Public note
          NON-FICTION AKMAL Melaka AKMAL Melaka PINJAMAN 04.05.2017 00333 1 158.2 BOE 201701580 18.04.2019 22.03.2019 04.05.2017 Book Dilupuskan. No. Fail. ARKIBMLK.600-6/9/1 Jld.8 ( )
Pusat Sumber Maklumat Dato' Haji Sarmin Md Hussin, Akademi Kastam Diraja Malaysia, Melaka
Tel: 06-2331106 | Faks: 06-2313787